000 00858nam a2200229 a 4500
001 39834
003 BD-RjUL
005 20211209053052.0
008 160419r20132010 a|||e |||| 00| 0 d
020 _a9847016201165
_c: TK.225.00
035 _a(BD-RjUL)39948
040 _aBD-RjUL
_bben
_cBD-RjUL
041 _aben
082 _223
_bSYA 2013
_a891.441
100 _aসাঈদ, ফয়জুল্লাহ
_9122714
245 1 0 _aআবৃত্তি ও উপস্থাপনা /
_cফয়জুল্লাহ সাঈদ
260 _aঢাকা :
_bপার্ল পাবলিকেশন্স,
_c২০১০ [মুদ্রণ ২০১৩]
300 _a৩৩৬ পৃ. :
_bচিত্র ;
_c২২ সেমি.
650 _aবাংলা কবিতা
_9122715
650 _aBengali poetry
_9122716
942 _2ddc
_cBK
999 _c39834
_d39834